MDQL
is popping MORE tags! Check the
thread
!
Quizzes
Events
Quiz Creation
Community
Videos
Private Events
Remove Ads
Sign In
Join for FREE
Feedback
Dark Mode
Quiz Categories
Sports
Geography
Music
Movies
Television
Just For Fun
Miscellaneous
History
Literature
Language
Science
Gaming
Entertainment
Religion
Holiday
For Kids
Quiz Lab
Recent
Popular Today
Quiz Kudos Today
Editor Picks
Curator Picks
Quizzes by...
Day
Popularity
Type
Ratings
Length
Year
Community
Subscriptions
Recent Discussions
Orange Saloon
Badges
Playlists
Quests
Create
Leaderboards
Showdown
Live 5
Trivia Bingo
Activity
Puzzle Library
Sporcle Events
Private Events
Virtual Trivia
Globe League
Become a Host
Pub Owners
SporcleCon
Opinionation
Our Games
Videos
Blog
Mobile Apps
Partnerships
Remove Ads and Go Orange
Feedback
Sports
Athletes
MLB
NBA
NHL
NFL
Soccer
Sports Teams
WWE
NCAA
Football
Premier League
Basketball
Baseball
Hockey
Golf
Tennis
Cricket
Rugby
Auto Racing
Olympics
World Cup
Sports
Athletes
MLB
NBA
NHL
NFL
Soccer
Sports Teams
WWE
NCAA
Football
Premier League
Basketball
Baseball
Hockey
Golf
Tennis
Cricket
Rugby
Auto Racing
Olympics
World Cup
Random Quiz
Search Sporcle
×
Quiz Lab
Quiz Lab
Sports
College
Type in answers that appear in a list
Type in answers that appear in a list
Classic
Best Score? Go Orange.
Current NBA Players from the Big East Stats
Can you name the current NBA players who attended schools from the Big East conference?
By
Mikeman1450
7m
51 Questions
955 Plays
955 Plays
955 Plays
Comments
Comments
Give Quiz Kudos
Give Quiz Kudos
-
- Ratings
hide this ad
More Info
Replay
Link that replays current quiz
Next Quiz
Link to next quiz in quiz playlist
You Got
0%
They Got
Avg Score
40%
Avg Friend Score
Upgrade to see
Score Distribution
Jump to the score distribution portion of the page
Score
0/51
Timer
07:00
0
Plays Today
Team
Player
% Correct
Denver Nuggets
Carmelo Anthony
80.8%
Boston Celtics
Ray Allen
78.8%
Orlando Magic
Malik Allen
77.8%
Miami Heat
Dwayne Wade
74.6%
Detroit Pistons
Richard Hamilton
69.6%
Minnesota Timberwolves
Wesley Johnson
68.2%
Memphis Grizzlies
Rudy Gay
62.9%
Denver Nuggets
Kenyon Martin
60.6%
Boston Celtics
Luke Harangody
59.8%
Oklahoma City Thunder
Jeff Green
59.7%
San Antonio Spurs
DeJuan Blair
59.2%
Indiana Pacers
Roy Hibbert
59%
Houston Rockets
Terrence Williams
57.1%
Detroit Pistons
Ben Gordon
54.8%
Los Angeles Lakers
Ron Artest
53.9%
Dallas Mavericks
Caron Butler
52%
Minnesota Timberwolves
Jonny Flynn
51.8%
New Orleans Hornets
Emeka Okafor
49.6%
Memphis Grizzlies
Hasheem Thabeet
48.5%
Los Angeles Clippers
Randy Foye
47.5%
Dallas Mavericks
Dominique Jones
47.4%
Indiana Pacers
Solomon Jones
47.4%
Phoenix Suns
Hakim Warrick
45.8%
Detroit Pistons
Charlie Villanueva
43.4%
Detroit Pistons
Greg Monroe
38.3%
New York Knicks
Wilson Chandler
38.3%
Team
Player
% Correct
New Jersey Nets
Troy Murphy
37.4%
Sacramento Kings
Francisco Garcia
36.1%
Memphis Grizzlies
Sam Young
35.3%
Los Angeles Clippers
Ryan Gomes
34.6%
Houston Rockets
Kyle Lowry
33.2%
Portland Trailblazers
Wesley Matthews
32.9%
New York Knicks
Andy Rautins
28.4%
Detroit Pistons
Jason Maxiell
28%
Orlando Magic
Earl Clark
27.7%
Los Angeles Lakers
Devin Ebanks
27%
Orlando Magic
Quentin Richardson
25.5%
San Antonio Spurs
Chris Quinn
25.4%
Portland Trailblazers
Dante Cunningham
23.7%
Atlanta Hawks
Etan Thomas
22.3%
Washington Wizards
Hilton Armstrong
21.2%
Sacramento Kings
Donte Greene
20.5%
Indiana Pacers
Lance Stephenson
19.1%
Indiana Pacers
A.J. Price
18.3%
Charlotte Bobcats
Matt Carroll
17.2%
Sacramento Kings
Samuel Dalembert
15.8%
Minnesota Timberwolves
Lazar Hayward
15.6%
New Orleans Hornets
Aaron Gray
15%
Cleveland Cavaliers
Samardo Samuels
14.7%
Detroit Pistons
DaJuan Summers
12.3%
Washington Wizards
Hamady Ndiaye
8.7%
Quiz Playlist
Details
Report
Send in Message
Add To Playlist
More Info:
Accurate as of December 25, 2010
Classic:
Type in answers that appear in a list
Last Updated: Feb 16, 2017
Quiz Scoreboard
CHALLENGE
Sign Up to Join the Scoreboard
Show All
Scores
Hide
Comments
May contain spoilers
Recently Published
Holiday 10x10 Sorting Gallery
by lukepisani3
Holiday
15m
Two Season TV Shows II
by 123Four
Television
10m
Image Sorting: Flags VI
by Barbecue
Geography
2m
More to Explore
Quiz From the Vault
Featured Blog Post
14 Easter Pick-up Lines to Find Eggs With
hide this ad
You Might Also Like...
Tags
Basketball Quiz
College Quiz
NBA Quiz
Attended
Big East
Conference
east
NBA Player
Player
school
team
Today's Top Quizzes in Sports
Browse Sports
hide this ad
Today's Top Quizzes in College
Browse College
Top Contributed Quizzes in Sports
1
Les meilleurs buteurs des matchs entre le PSG et l’OM
2
Les entraîneurs de l'OM et du PSG au 21e siècle
3
2022 World Cup Stars
4
Les joueurs passés par le PSG et l'OM
5
Players with Multiple 50 Home Run Seasons
6
FIFA Club World Cup Champions
7
Top 10 NHL Goal Scorers of All Time
8
Les joueurs passés par le LOSC et le RC Lens
9
Criteria MLB: Left Handed Sluggers
10
2023 MLB Unique Player Accomplishments
Explore More
Trending Topics
NBA
Anime
Marvel
Crossword
Disney
Kpop
Harry Potter
WWE
Country
The Office
NFL
Pokémon
Puzzle
Soccer
Song
hide this ad
More By:
Mikeman1450
Quiz
Plays
Rating
Category
Featured
Created
NBA Top 50 scorers by College Attended
6,042
2.88
Sports
Dec 15, 2010
Current NBA Players from the Big East
955
3.75
Sports
Dec 25, 2010
Go to Creator's Profile
Score Distribution
Quiz Creator Spotlight
Mikeman1450
Follow
Send a Message
Quizzes Created
-
Created Quiz Play Count
-
More By This Creator
Popular Quizzes Today
1
Find the US States - No Outlines Minefield
2
Colored Red Africa Blitz
3
Find the 'City' Movie
4
The Countries of the World
5
5x2 Blitz: Bands
6
Find the US States
7
Find the Countries of Europe - No Outlines Minefield
8
US States
More Sports Quizzes
New York Mets 2019 40-Man Roster (Plus players on IL)
Quiz Lab
Trending Quizzes
Colored Red Europe Blitz I
Colored Red Europe Blitz II
Colored Red Africa Blitz II
Colored Red Europe Blitz III
Colored Red Africa Blitz III
Recently Updated
Odd Team Out - Big 4 Players
pecheneg
Quick Pick: 20 Twenties
pecheneg
March Madness Men's Triple Doubles
pecheneg
How Do You Spell That?
pecheneg
Godzilla Movies
pecheneg
Grab Bag: 4-10 Letters
pecheneg
2024 March Madness Bracket
pecheneg
Famous TV Couples
Peacemaker
Champions League XIs: Real Madrid
pecheneg
Largest US Cities 1790-2010
pecheneg
Trending Topics
Marvel
Crossword
Anime
NBA
Disney
Kpop
Harry Potter
Song
Soccer
WWE
The Office
Puzzle
Country
Pokémon
NFL
Your Account Isn't Verified!
In order to create a playlist on Sporcle, you need to verify the email address you used during registration. Go to your
Sporcle Settings
to finish the process.
Report this User
Report this user for behavior that violates our
Community Guidelines
.
Details:
Send Report
Go to the Sporcle.com Mobile Site →
Comments